| 000 | 00755cam a22002533a 4500 | ||
|---|---|---|---|
| 001 | 29710 | ||
| 003 | PGUSA | ||
| 005 | 20140828083637.0 | ||
| 008 | 090817s2009||||xxu|||||s|||||000 | eng d | ||
| 040 |
_aPGUSA _beng |
||
| 042 | _adc | ||
| 050 | 4 | _aDA | |
| 100 | 1 | _aBuckley, Robert John | |
| 245 | 1 | 0 |
_aIreland as It Is : _bAnd as It Would be Under Home Rule _h[electronic resource] / _cRobert John Buckley |
| 260 |
_bProject Gutenberg, _c2009 |
||
| 506 | _aPublic domain in the USA. | ||
| 516 | _aElectronic text | ||
| 653 | _aIrish question | ||
| 653 | _aHome rule -- Ireland | ||
| 653 | _aIreland -- Politics and government -- 1837-1901 | ||
| 830 | 0 |
_aProject Gutenberg _v29710 |
|
| 856 | 4 | 0 | _uhttp://www.gutenberg.org/ebooks/29710 |
| 942 | _cEB | ||
| 999 |
_c258965 _d258965 |
||